| 000 | 00646nam a2200181 i 4500 | ||
|---|---|---|---|
| 001 | bg | ||
| 245 | 0 | 0 |
_aEnvironmental action programme for Central and Eastern Europe : _babridged version of the document endorsed by the Ministerial Conference, Lucerne, Switzerland 28-30 April, 1993. |
| 260 |
_a[Lucerne : _bs.n.], _c1994. |
||
| 300 |
_a[180] pag. varia : _bil. ; _c28 cm. |
||
| 650 | 9 |
_aOchrona środowiska _zEuropa Środkowo-Wschodnia _yod 1989 r. |
|
| 650 | 9 | _aMateriały konferencyjne | |
| 040 | _cBPK | ||
| 041 | 1 | _aeng | |
| 044 | _aCHE | ||
| 080 | _a502/504(4-191.2-11)(06) | ||
| 942 | _cKS | ||
| 008 | 100825s1994 ch a |000 0 eng | ||
| 999 |
_c50830 _d50830 |
||
| 856 |
_uhttp://koha.tu.koszalin.pl/cgi-bin/koha/opac-detail.pl?biblionumber=50830 _yKatalog online BPK |
||